000 00478nam a2200181Ia 4500
008 131103s9999 xx 000 0 und d
040 _aLoreto College
041 _aEnglish
082 _a891.432/ASH
_bLCLIB/
100 _aAshk,Upendranath
245 _aParda Uthao Parda Girao
_cUpendranath Ashk
260 _aPrayag
_bNilabh Prakashan Griha
_c[19 - ?]
300 _a228 p.
_c 17 cm.
650 _aHindi- Drama
651 _aDrama-Hindi
850 _aLCLIB
942 _cBK
999 _c19076
_d69555